[Event "AUTO-OPEN-2176"]
[Site "http://www.queenalice.com/game.php?id=937602"]
[Date "2011.5.13"]
[Round "2"]
[White "johndavidtelker"]
[Black "FagnerCSsR"]
[Result "0-1"]
[WhiteElo "1636"]
[BlackElo "1847"]

1. d4 d5 2. Nf3 Nf6 3. g3 Nc6 4. Bg2 Bf5 5. a3 Qd6 6. O-O O-O-O 7. b4 e5 8. dxe5
Nxe5 9. Bb2 Nxf3+ 10. Bxf3 Nd7 11. Nc3 Ne5 12. Bg2 Nc4 13. Rb1 Qh6 14. e3 Ne5
15. Qe2 Ng4 16. h3 Ne5 17. Nxd5 Rxd5 18. Kh2 Be6 19. Bxd5 Qxh3+ 20. Kg1 Ng4 21.
f4 Bxd5 22. e4 Bxe4 23. Qxe4 Qh2# 0-1

[Event "AUTO-OPEN-2429"]
[Site "http://www.queenalice.com/game.php?id=966632"]
[Date "2011.7.30"]
[Round "1"]
[White "FagnerCSsR"]
[Black "johndavidtelker"]
[Result "0-1"]
[WhiteElo "1820"]
[BlackElo "1649"]

1. e4 c6 2. d4 d5 3. Nc3 dxe4 4. Nxe4 Bf5 5. Ng5 e6 6. Bc4 Nf6 7. N1f3 h6 8. Nh3
Bxh3 9. gxh3 Bd6 10. c3 Nbd7 0-1

[Event "AUTO-OPEN-2429"]
[Site "http://www.queenalice.com/game.php?id=966633"]
[Date "2011.7.30"]
[Round "1"]
[White "johndavidtelker"]
[Black "FagnerCSsR"]
[Result "1-0"]
[WhiteElo "1624"]
[BlackElo "1845"]

1. d4 e6 2. e4 Nf6 3. Bd3 c5 4. e5 Nd5 5. c4 Nb4 6. d5 exd5 7. cxd5 Nxd5 8. Nf3
d6 9. O-O dxe5 10. Nxe5 Bd6 11. Nf3 1-0

[Event "AUTO-OPEN-2478"]
[Site "http://www.queenalice.com/game.php?id=985745"]
[Date "2011.9.16"]
[Round "1"]
[White "Narutos"]
[Black "FagnerCSsR"]
[Result "1-0"]
[WhiteElo "1989"]
[BlackElo "1781"]

1. e4 e5 2. Bc4 Nf6 3. Nc3 c6 4. Nf3 b5 5. Bb3 b4 6. Ne2 Nxe4 7. d3 Nc5 8. Bc4
d5 9. Bb3 e4 10. dxe4 Nxe4 11. O-O Qd6 12. Bf4 Qg6 13. Ng3 Be7 14. Ne5 Qf6 15.
Nd3 a5 16. Ba4 g6 17. Be5 Qh4 18. Bxh8 f6 19. Nxe4 dxe4 20. Nc1 Qh6 21. Qe2 Bf5
22. Qc4 Kf8 23. Bb3 Ke8 24. Qg8+ Kd7 25. Rd1+ Kc7 26. Bg7 Qg5 27. Ne2 Bd6 28.
Rxd6 Kxd6 29. Rd1+ Kc7 30. Qd8+ Kb7 31. Bxf6 Qg4 32. Ng3 Nd7 33. Rxd7+ Bxd7 34.
Qe7 Re8 35. Qc5 h5 36. Bd4 h4 37. Qa7+ Kc8 38. Bb6 Qf4 39. Bc4 1-0

[Event "AUTO-OPEN-2478"]
[Site "http://www.queenalice.com/game.php?id=985746"]
[Date "2011.9.16"]
[Round "1"]
[White "FagnerCSsR"]
[Black "Narutos"]
[Result "0-1"]
[WhiteElo "1812"]
[BlackElo "1930"]

1. e4 c5 2. Nf3 Nc6 3. Nc3 d6 4. Bb5 Bd7 5. Bxc6 Bxc6 6. d4 cxd4 7. Nxd4 Nf6 8.
f3 e6 9. O-O Be7 10. Re1 O-O 11. f4 Re8 12. e5 Nd5 13. f5 Nxc3 14. bxc3 dxe5 15.
Rxe5 Bf6 16. Re1 Qd5 17. Qg4 Bxd4+ 18. cxd4 exf5 19. Rxe8+ Rxe8 0-1

[Event "AUTO-OPEN-2478"]
[Site "http://www.queenalice.com/game.php?id=985775"]
[Date "2011.9.16"]
[Round "1"]
[White "FagnerCSsR"]
[Black "robertolm"]
[Result "1-0"]
[WhiteElo "1797"]
[BlackElo "1761"]

1. e4 e5 2. Nf3 Nc6 3. c3 Bc5 4. b4 Bb6 5. b5 Na5 6. Nxe5 Qe7 7. d4 d6 8. Ba3
Qe6 9. Nf3 Qxe4+ 10. Be2 Nf6 11. O-O O-O 12. Re1 Qd5 13. Nbd2 Bg4 14. c4 Qh5 15.
Qc2 c5 16. dxc5 Bxc5 17. Bb2 b6 18. Bxf6 gxf6 19. Ne4 f5 20. Nf6+ Kh8 21. Nxh5
Bxh5 22. Qxf5 Bxf3 23. Bxf3 Rad8 24. Be4 Kg7 25. Qxh7+ Kf6 26. Qh6+ Ke7 27. Bc6+
1-0

[Event "AUTO-OPEN-2478"]
[Site "http://www.queenalice.com/game.php?id=985776"]
[Date "2011.9.16"]
[Round "1"]
[White "robertolm"]
[Black "FagnerCSsR"]
[Result "0-1"]
[WhiteElo "1712"]
[BlackElo "1801"]

1. e4 e5 2. Nf3 Nf6 3. Nc3 Bd6 4. Bb5 c6 5. Ba4 b5 6. Bb3 b4 7. Na4 Nxe4 8. d3
Nc5 9. Nxc5 Bxc5 10. Nxe5 Qf6 11. d4 O-O 12. dxc5 Qxe5+ 13. Qe2 Qxc5 14. O-O d5
15. Be3 d4 16. Bf4 Ba6 17. Qe5 Qxe5 18. Bxe5 Bxf1 19. Kxf1 c5 20. Bd5 Na6 21.
Bxa8 Rxa8 22. b3 f6 23. Bf4 Rc8 24. Ke2 c4 25. bxc4 Rxc4 26. Kd3 Rc3+ 27. Kxd4
Rxc2 28. Ke3 Nc5 29. Bd6 g5 30. Bxc5 Rxc5 31. Rb1 a5 32. g4 Rc4 33. h3 Rc3+ 34.
Ke4 Rxh3 35. Kf5 Kg7 36. Rd1 Rf3+ 37. Ke4 Rxf2 38. Ra1 Rf4+ 0-1

[Event "AUTO-ADV-2307"]
[Site "http://www.queenalice.com/game.php?id=995914"]
[Date "2011.10.11"]
[Round "1"]
[White "Delferrer"]
[Black "FagnerCSsR"]
[Result "1-0"]
[WhiteElo "1764"]
[BlackElo "1798"]

1. e4 c5 2. d4 e6 3. Nf3 Nc6 4. Bb5 Nb8 5. dxc5 a6 6. Ba4 Bxc5 7. Nc3 Qa5 8. Bd2
Nf6 9. Nd5 Qd8 10. Bg5 exd5 11. e5 Qa5+ 12. Bd2 Qxa4 13. exf6 gxf6 14. O-O Rg8
15. g3 Nc6 16. Qe2+ Kf8 17. Bh6+ Rg7 18. Rae1 Ne5 19. Nxe5 fxe5 20. Qxe5 Be7 21.
Qxe7+ 1-0

[Event "AUTO-ADV-2307"]
[Site "http://www.queenalice.com/game.php?id=995916"]
[Date "2011.10.11"]
[Round "1"]
[White "VFA"]
[Black "FagnerCSsR"]
[Result "1-0"]
[WhiteElo "1844"]
[BlackElo "1813"]

1. d4 d5 2. c4 dxc4 3. e4 b5 4. Nc3 a6 5. a4 c6 6. axb5 cxb5 7. Nxb5 Bb7 8. Nc3
e6 9. Bxc4 Bb4 10. Qc2 Qxd4 11. Bd3 f5 12. Nf3 Qc5 13. O-O Nf6 14. Nd2 O-O 15.
exf5 Qc6 16. Nf3 e5 17. Qb3+ Nd5 18. Nxd5 Qxd5 19. Bc4 1-0